000 00488cam a2200181 i 4500
001 357913
005 20250715164506.0
008 770307s1977 tnub 001 0 eng
020 _a068720089X
050 0 0 _aBT198
_b.B86
082 0 0 _a232.9/01
100 1 _aBurrows, Millar,
_d1889-
245 1 0 _aJesus in the first three Gospels /
_cMillar Burrows.
260 _aNashville :
_bAbingdon,
_cc1977.
300 _a304 p. :
_bmap ;
_c23 cm.
500 _aIncludes index.
942 _2lcc
_cBK
_n0
999 _c6976
_d6976